01047nam a2200289Ia 450000500170000000800410001702000340005802000300009210000300012224500990015225000550025130000250030649000460033153400510037765000360042865000410046465000340050570000280053994200150056726400260058233600270060833700330063533800280066804000350069608400110073199900150074220220317001406.0161108s2011 sp a g 000 0 spa  a9788420600000 (Obra completa) a9788420653624 (volumen 5)1 aProust, Marceld1871-192210aEn busca del tiempo perdido, 5bla prisioneracMarcel Proust ; traducción de Consuelo Berges a3a. edición, 1a reimpresiónb1a. reimpresión a511 páginasc18 cm aEl libro de bolsillopbiblioteca de autor tÀ la recherche du temps perdu, 5: prisonnier142LEMBaNovela francesaySiglo XX142LEMBaLiteratura francesa ySiglo XX142LEMB aAmor en la literatura 1 aBerges, Consuelo972016 2loccBKLIT aMadridbAlianzac2011 atextobtxt2rdacontent asin mediaciónbn2rdamedia avolumenbnc2rdacarrier aCO-BoRNBPbspaerdacCO-BoRNBP aN PRO1 c6831d6831